The natural approach: language acquisition in the classroom

Salvato in:
Dettagli Bibliografici
Autori principali: Krashen, Stephen D (Autore), Terrell, Tracy D (Autore)
Natura: Libro
Lingua:inglese
Pubblicazione: Hayward Alemany Press 1983
Soggetti:
Tags: Aggiungi Tag
Nessun Tag, puoi essere il primo ad aggiungerne!!

MARC

LEADER 00000nam a2200000 a 4500
001 UCQ5686
003 CL-VaPUC
008 981002e19830000US |||||||||||||||||eng|d
082 0 4 |a 428  |b KRA  |2 21 
100 |a Krashen, Stephen D  |e author  |9 560902 
700 0 |a Terrell, Tracy D  |e author  |9 419721 
245 1 4 |a The natural approach: language acquisition in the classroom 
300 |a 191 p 
942 |c BK 
945 |d 19981002 00:00:00  |a lriquelm 
260 |a Hayward  |b Alemany Press  |c 1983 
650 7 |a INGLES ENSEÑANZA ESTUDIANTES EXTRANJEROS  |2 CL-VaPUC  |9 319058 
650 7 |a INGLES COMPRENSION  |2 CL-VaPUC  |9 313403 
650 7 |a INGLES TEXTOS PARA EXTRANJEROS  |2 CL-VaPUC  |9 313424 
583 |a last modification  |c 19981002 00:00:00  |k Rodrigo Vera 
999 |c 275891  |d 275889 
952 |0 0  |1 0  |4 0  |6 428_000000000000000_KRA_1983  |7 0  |8 A  |9 312767  |a FDOPOS  |b FDOPOS  |d 2019-11-20  |i 3013227  |o 428 KRA 1983  |p 3013227  |r 2025-01-22  |w 2019-11-20  |y BK  |k MLA